Pilotes les plus jeunes à avoir marqué des points en F1 - Statistiques

Statistiques générales
  • Ce quiz a été pris 108 fois
  • Le résultat moyen est 4 sur 10
Statistiques - réponses
Hint Age grand prix Réponse % Correct
1 17 Malaisie 2015 Verstappen
96%
5 19 Etats-unis 2007 Vettel
72%
3 19 Bahrein 2019 Norris
67%
2 18 Canada 2017 Stroll
66%
10 20 Australie 2017 Ocon
49%
7 20 Brésil 2000 Button
26%
4 19 Australie 2014 Kvyat
19%
6 20 Malaisie 2010 Alguersuari
11%
9 20 Australie 2009 Buemi
9%
8 20 Belgique 1962 Rodriguez
1%
Aucun quiz correspondant
Distribution des résultats
% des personnes avec chaque résultat
Percentile par nombre de réponses
Votre historique - résultats
Vous n’avez pas pris ce quiz